Možnosti uplatnenia technológie NFC na Slovensku

Na minha lista:
Detalhes bibliográficos
Autor principal: Polák, Miroslav, 1986- (Author)
Outros Autores: Materák, Milan, 1946- (Thesis advisor)
Formato: Manuscrito Livro
Idioma:eslovaco
Publicado em: Bratislava : STU v Bratislave FEI, 2011
Assuntos:
Acesso em linha:VAIS
Tags: Adicionar Tag
Sem tags, seja o primeiro a adicionar uma tag!

MARC

LEADER 00000ntm a22000003a 4500
001 stu230602
005 20150617230141.7
008 110709s2011----xo------------------slo-d
040 |a STU  |b slo 
041 0 |a slo 
044 |a xo 
100 1 |a Polák, Miroslav,  |d 1986-  |4 aut  |u E  |T FEI Fakulta elektrotechniky a informatiky  |X 22775  |U E  |Y 30  |7 A000022775 
242 0 0 |a Possibility of use the NFC technology in Slovakia  |y eng 
245 1 |a Možnosti uplatnenia technológie NFC na Slovensku 
260 |a Bratislava :  |b STU v Bratislave FEI,  |c 2011 
300 |a 80 s  |c Príl. 
650 7 |a Telekomunikácie  |2 stusub 
650 7 |a Telecommunications  |2 estusub 
650 7 |a RFID  |2 stusub 
650 7 |a prieskum trhu  |2 stusub 
650 7 |a NFC technológia  |2 stusub 
700 1 |a Materák, Milan,  |d 1946-  |4 ths  |u R2020  |U Ostatné univerzitné pracoviská  |T Ústav manažmentu STU  |X 4974  |U R2020  |Y 232  |7 A000004974 
856 4 |a info a plný text  |u http://is.stuba.sk/zp/portal_zp.pl?podrobnosti=71740  |3 VAIS 
996 |b 284EP09714  |c E*DIPL-9714  |l EE16  |s P  |a 0  |w stu230602_0001